000 00498nam a2200145 i 4500
001 190118
003 ES-MaACL
005 20230906223639.0
008 200730s1900 cu |||| | spa d
110 2 _aLonja de VĂ­veres de la Habana.
_9170221
245 1 0 _aMemoria presentada por la Junta directiva a los sres. accionista de las operaciones efectuadas en 1900.
260 _aHabana [s.n.] :
_b1900 (
_fImpr. del Avisador Comercial de M. Pulido)
300 _a30 p.
852 _aES-MaACL
_jT-957-F-7
999 _c190118
_d190118